[Event "Krajský pøebor jednotlivcù KHŠS 2014"]
[Site "Janske Lazne"]
[Date "2014.05.09"]
[Round "6.11"]
[White "Sedivy, Martin"]
[Black "Smolej, Lukas"]
[Result "1-0"]
[WhiteElo "1963"]
[BlackElo "2014"]
[PlyCount "121"]
[EventDate "2014.05.06"]

1. e4 Nc6 2. b3 e5 3. Bb2 Nf6 4. Nc3 Bc5 5. Be2 d6 6. d3 a6 7. Qd2 Be6 8. O-O-O
Bxf2 9. g4 Bxg4 10. Qg5 h6 11. Qd2 Bd4 12. Bxg4 Nxg4 13. Nd5 Bxb2+ 14. Kxb2 Nf6
15. Qg2 Rg8 16. Nf3 Nxd5 17. exd5 Ne7 18. d4 Ng6 19. dxe5 dxe5 20. h4 h5 21.
Rhe1 Qe7 22. Qh3 Qf6 23. Rd4 Kd8 24. Rde4 Re8 25. Kb1 Re7 26. Qg3 Kd7 27. Nxe5+
Nxe5 28. Rxe5 Rxe5 29. Rxe5 g6 30. c4 a5 31. c5 Re8 32. Qh3+ Kd8 33. Rxe8+ Kxe8
34. Qc8+ Qd8 35. Qxb7 Qd7 36. d6 cxd6 37. c6 Qf5+ 38. Kb2 Qe5+ 39. Ka3 Qc5+ 40.
Ka4 Qb4+ 41. Qxb4 axb4 42. Kxb4 Kd8 43. Kb5 Kc7 44. a4 f5 45. a5 f4 46. Kc4 d5+
47. Kxd5 f3 48. a6 f2 49. a7 f1=Q 50. a8=Q Qf3+ 51. Ke6 Qf5+ 52. Ke7 Qe4+ 53.
Kf7 Qxh4 54. Qb7+ Kd6 55. Qd7+ Kc5 56. b4+ Kc4 57. c7 Qf4+ 58. Kg7 Qe5+ 59. Kh7
Kxb4 60. c8=Q h4 61. Qdb7+ 1-0

[Event "Krajský pøebor jednotlivcù KHŠS 2014"]
[Site "Janske Lazne"]
[Date "2014.05.09"]
[Round "6.12"]
[White "Safarik, Jakub"]
[Black "Bradac, Daniel"]
[Result "1/2-1/2"]
[WhiteElo "2112"]
[BlackElo "1947"]
[PlyCount "85"]
[EventDate "2014.05.06"]

1. d4 Nf6 2. Nf3 g6 3. c4 Bg7 4. Nc3 O-O 5. e4 d6 6. Be2 Nbd7 7. O-O e5 8. d5
Nc5 9. Nd2 a5 10. b3 Ne8 11. a3 f5 12. Rb1 fxe4 13. Ndxe4 Nxe4 14. Nxe4 Nf6 15.
Bf3 Nxe4 16. Bxe4 Qh4 17. Qe2 Bf5 18. f3 Bh6 19. g3 Qh3 20. Qg2 Qxg2+ 21. Kxg2
Bxc1 22. Rbxc1 Bxe4 23. fxe4 Rxf1 24. Rxf1 b6 25. Kf2 Rf8+ 26. Ke2 Rxf1 27.
Kxf1 Kf7 28. Ke2 Kf6 29. Kf3 Kg5 30. h3 h6 31. b4 axb4 32. axb4 Kh5 33. Ke3 Kg5
34. Ke2 Kh5 35. Kf3 Kg5 36. Kg2 Kh5 37. Kh2 Kg5 38. Kg2 Kh5 39. Kf3 Kg5 40. Ke3
Kh5 41. Kf3 Kg5 42. Ke3 Kh5 43. Kf3 1/2-1/2

[Event "Krajský pøebor jednotlivcù KHŠS 2014"]
[Site "Janske Lazne"]
[Date "2014.05.09"]
[Round "6.13"]
[White "Framberk, Jan"]
[Black "Rojikova, Lenka"]
[Result "0-1"]
[WhiteElo "2032"]
[BlackElo "1935"]
[PlyCount "128"]
[EventDate "2014.05.06"]

1. e4 c5 2. Nf3 d6 3. c3 Qc7 4. Bc4 Nd7 5. Qe2 e6 6. O-O Ngf6 7. d4 Be7 8. Bb3
O-O 9. Bg5 e5 10. Re1 a6 11. Nbd2 b5 12. Nf1 c4 13. Bc2 Re8 14. Ng3 g6 15. h3
Bf8 16. Qd2 Bg7 17. Bh6 Nf8 18. Bxg7 Kxg7 19. Qg5 h6 20. Qd2 Ne6 21. Ne2 Bb7
22. d5 Nc5 23. Ng3 Qb6 24. Nh4 Bc8 25. Re3 Qd8 26. Rae1 Nh7 27. Nf3 Ng5 28. Nh2
Nh7 29. Qe2 Bd7 30. Kh1 Rc8 31. Rf1 Qh4 32. Nf3 Qf6 33. Nd2 Qh4 34. Nf3 Qf6 35.
Qd2 Ng5 36. Nxg5 hxg5 37. Ne2 Rh8 38. Rg3 g4 39. f4 gxh3 40. f5 hxg2+ 41. Kxg2
Qh4 42. Qg5 Nxe4 43. f6+ Nxf6 44. Qxh4 Rxh4 45. Rgf3 Rg4+ 46. Ng3 Rf4 47. Rxf4
exf4 48. Rxf4 Nxd5 49. Re4 Bc6 50. Kf2 Rh8 51. Nf1 Re8 52. Rd4 f5 53. Ng3 Rh8
54. Nf1 Kf6 55. Bd1 Ke5 56. Bf3 Ne7 57. Nd2 d5 58. b3 g5 59. bxc4 bxc4 60. Bg2
g4 61. Kg3 Rb8 62. Bh1 Rb2 63. a4 Ra2 64. a5 Bb5 0-1

[Event "Krajský pøebor jednotlivcù KHŠS 2014"]
[Site "Janske Lazne"]
[Date "2014.05.09"]
[Round "6.14"]
[White "Vavrinec, Tomas"]
[Black "Nosek, Jan"]
[Result "1-0"]
[WhiteElo "2025"]
[BlackElo "1770"]
[PlyCount "43"]
[EventDate "2014.05.06"]

1. c4 g6 2. Nc3 Bg7 3. g3 Nc6 4. Bg2 d6 5. Nf3 e5 6. O-O f5 7. d3 Nf6 8. Rb1
O-O 9. b4 h6 10. b5 Ne7 11. c5 Nd7 12. cxd6 cxd6 13. Bb2 Kh7 14. Qc2 Nc5 15.
Rfd1 Ne6 16. e3 d5 17. Ne2 d4 18. exd4 Nxd4 19. Nexd4 exd4 20. Qc4 Bd7 21. Nxd4
Rc8 22. Qb4 1-0

[Event "Krajský pøebor jednotlivcù KHŠS 2014"]
[Site "Janske Lazne"]
[Date "2014.05.09"]
[Round "6.15"]
[White "Kabelka, Ondrej"]
[Black "Chalupecky, Vladimir"]
[Result "1-0"]
[WhiteElo "1785"]
[BlackElo "2006"]
[PlyCount "93"]
[EventDate "2014.05.06"]

1. d4 Nf6 2. Bg5 Ne4 3. Bf4 f5 4. f3 Nf6 5. Nd2 d5 6. e3 e6 7. Bd3 Nh5 8. Ne2
Nxf4 9. Nxf4 Bd6 10. Qe2 Bxf4 11. exf4 Qf6 12. Qe5 O-O 13. O-O-O Nc6 14. Qxf6
Rxf6 15. c3 b6 16. Rde1 a5 17. Bb5 Na7 18. Ba4 b5 19. Bc2 b4 20. Nb3 bxc3 21.
bxc3 Nb5 22. Kd2 Na3 23. Nc5 Kf7 24. Bb3 Rb8 25. Re3 Ke7 26. Rhe1 Rb6 27. Na4
Rb5 28. Nc5 Rb6 29. Bxd5 Rb2+ 30. Kd3 Rxg2 31. Bxe6 Bxe6 32. Rxe6+ Rxe6 33.
Rxe6+ Kf7 34. Rc6 Rf2 35. Rxc7+ Kf6 36. Nd7+ Ke6 37. Ne5 Rxa2 38. Rxg7 Rxh2 39.
Ra7 Nc2 40. Rxa5 h5 41. Ra6+ Ke7 42. d5 h4 43. d6+ Ke6 44. d7+ Ke7 45. Ra8 Ne1+
46. Kc4 Rd2 47. Re8+ 1-0

[Event "Krajský pøebor jednotlivcù KHŠS 2014"]
[Site "Janske Lazne"]
[Date "2014.05.09"]
[Round "6.16"]
[White "Peroutka, Ivo"]
[Black "Ruzickova, Radka"]
[Result "0-1"]
[WhiteElo "1938"]
[BlackElo "1820"]
[PlyCount "132"]
[EventDate "2014.05.06"]

1. d4 d5 2. c4 Nf6 3. Nc3 c6 4. e3 e6 5. Nf3 Nbd7 6. a3 a6 7. c5 Qc7 8. b4 e5
9. dxe5 Nxe5 10. Bb2 Bg4 11. Be2 Bxf3 12. Bxf3 Nc4 13. Qc2 Nxb2 14. Qxb2 Be7
15. Rc1 O-O 16. O-O Rfe8 17. Ne2 Nd7 18. Ng3 Bf6 19. Qc2 g6 20. Rcd1 Re7 21. e4
dxe4 22. Bxe4 Bg7 23. Bd3 Qf4 24. Qc4 Qxc4 25. Bxc4 Bb2 26. a4 Bc3 27. b5 Nxc5
28. bxc6 bxc6 29. Rc1 Bb4 30. a5 Nb7 31. Ba2 Nxa5 32. h4 c5 33. h5 Kg7 34. Rfd1
Nb7 35. Bd5 Rd8 36. hxg6 hxg6 37. Bxb7 Rxd1+ 38. Rxd1 Rxb7 39. Ne4 Re7 40. Nd6
Re1+ 41. Rxe1 Bxe1 42. Kf1 Bb4 43. Ke2 Kf6 44. Kd3 Ke6 45. Nc4 a5 46. Nb2 Kd5
47. f3 f5 48. Nc4 g5 49. Nb2 Ke5 50. g3 g4 51. Nc4+ Ke6 52. fxg4 fxg4 53. Ne3
Be1 54. Nxg4 Bxg3 55. Kc4 Kd6 56. Ne3 Be1 57. Kb3 Ke5 58. Kc4 Ke4 59. Nc2 Bb4
60. Na1 a4 61. Nc2 a3 62. Na1 Ke3 63. Kb3 Kd3 64. Ka2 c4 65. Kb1 Bc3 66. Nc2
a2+ 0-1

[Event "Krajský pøebor jednotlivcù KHŠS 2014"]
[Site "Janske Lazne"]
[Date "2014.05.09"]
[Round "6.17"]
[White "Havelka, Petr"]
[Black "Plchot, Miroslav"]
[Result "1-0"]
[WhiteElo "1871"]
[BlackElo "1932"]
[PlyCount "63"]
[EventDate "2014.05.06"]

1. d4 Nf6 2. c4 e5 3. dxe5 Ng4 4. Nf3 Bc5 5. e3 Nc6 6. Be2 O-O 7. O-O Re8 8.
Nbd2 Ngxe5 9. Nxe5 Nxe5 10. Nf3 d6 11. a3 a5 12. Bd2 a4 13. Rc1 b6 14. Nxe5
dxe5 15. Bb4 Qe7 16. Qd2 Bb7 17. Rfd1 h5 18. Bxc5 bxc5 19. Qd7 Qg5 20. Qh3 Re6
21. Rd7 Rg6 22. Bf3 e4 23. Bxh5 Rh6 24. Bxf7+ Kh7 25. Qg3 Qf6 26. Rcd1 Qxb2 27.
Qg5 Rf8 28. Qf5+ Kh8 29. Rd8 g6 30. Rxf8+ Kh7 31. Bg8+ Kh8 32. Be6+ 1-0

[Event "Krajský pøebor jednotlivcù KHŠS 2014"]
[Site "Janske Lazne"]
[Date "2014.05.09"]
[Round "6.18"]
[White "Portych, Vaclav"]
[Black "Stanek, Petr"]
[Result "1/2-1/2"]
[WhiteElo "1818"]
[BlackElo "1911"]
[PlyCount "20"]
[EventDate "2014.05.06"]

1. c4 c5 2. Nc3 g6 3. g3 Bg7 4. Bg2 Nc6 5. e3 e6 6. Nge2 Nge7 7. b3 a6 8. Bb2
O-O 9. O-O Rb8 10. Rc1 d6 1/2-1/2

[Event "Krajský pøebor jednotlivcù KHŠS 2014"]
[Site "Janske Lazne"]
[Date "2014.05.09"]
[Round "6.20"]
[White "Dungl, Petr"]
[Black "Jina, Lubos"]
[Result "1-0"]
[WhiteElo "1889"]
[BlackElo "1809"]
[PlyCount "81"]
[EventDate "2014.05.06"]

1. d4 Nf6 2. c4 e6 3. Nc3 d5 4. Nf3 Be7 5. Bf4 Nc6 6. e3 Nh5 7. Bg3 Nxg3 8.
hxg3 h6 9. a3 Nb8 10. Ne5 Nd7 11. Qg4 Nf6 12. Qf3 c6 13. c5 Rf8 14. Bd3 Qc7 15.
b4 a6 16. O-O Bd7 17. Qe2 Kd8 18. f4 Be8 19. a4 Nd7 20. Nxd7 Bxd7 21. b5 axb5
22. axb5 Rxa1 23. Rxa1 Qb8 24. b6 Bf6 25. Ra7 Ke7 26. Qf3 Rd8 27. Ne2 g6 28.
Nc1 Kf8 29. Nb3 Kg7 30. g4 Be8 31. Na5 Rd7 32. Qf1 Re7 33. Qa1 Qc8 34. Nxb7 e5
35. Nd6 Qxg4 36. Rxe7 Bxe7 37. Nxe8+ Kh7 38. b7 Qg3 39. Qc1 Bh4 40. Qd2 exf4
41. exf4 1-0

[Event "Krajský pøebor jednotlivcù KHŠS 2014"]
[Site "Janske Lazne"]
[Date "2014.05.09"]
[Round "6.21"]
[White "Svec, Ludek"]
[Black "Mladek, Richard"]
[Result "0-1"]
[WhiteElo "1749"]
[BlackElo "1610"]
[PlyCount "80"]
[EventDate "2014.05.06"]

1. Nf3 Nf6 2. g3 g6 3. Bg2 Bg7 4. O-O O-O 5. c4 e6 6. Nc3 d5 7. d3 b6 8. Qc2
Bb7 9. Bf4 Nh5 10. Bd2 Nd7 11. cxd5 exd5 12. d4 Re8 13. Bg5 Qb8 14. Rad1 h6 15.
Be3 c6 16. Rfe1 Qd6 17. Qd2 g5 18. h4 g4 19. Nh2 f5 20. Nf1 Re6 21. Kh2 Rf8 22.
Bf4 Nxf4 23. Qxf4 Qxf4 24. gxf4 Bf6 25. Kg3 Bd8 26. e3 Nf6 27. Kh2 Ne8 28. Kg3
Ng7 29. Kh2 Bxh4 30. Ng3 Rfe8 31. Rd2 Bxg3+ 32. fxg3 Rxe3 33. Rde2 Rxe2 34.
Rxe2 Rxe2 35. Nxe2 Ba6 36. Nc3 Ne6 37. Nd1 Nxd4 38. Ne3 Kf7 39. Kg1 Ke6 40. Kf2
Bd3 0-1

[Event "Krajský pøebor jednotlivcù KHŠS 2014"]
[Site "Janske Lazne"]
[Date "2014.05.09"]
[Round "6.22"]
[White "Tobiskova, Petra"]
[Black "Peniska, Pavel"]
[Result "0-1"]
[WhiteElo "1591"]
[BlackElo "1905"]
[PlyCount "90"]
[EventDate "2014.05.06"]

1. c4 e5 2. g3 Nf6 3. Bg2 d5 4. cxd5 Nxd5 5. Nc3 Be6 6. d3 Be7 7. e4 Nb6 8. Be3
Nc6 9. a3 O-O 10. Nge2 Qd7 11. f4 f6 12. f5 Bf7 13. O-O Rfd8 14. Nc1 Nd4 15.
Kh1 a5 16. Rg1 a4 17. Bf1 c5 18. g4 Qe8 19. Rg3 c4 20. Qd2 cxd3 21. Bxd3 Nc4
22. Qg2 Nxe3 23. Rxe3 Rac8 24. h4 Rc5 25. N1e2 Nxe2 26. Qxe2 Bb3 27. Bb5 Qf7
28. Bxa4 Rxc3 29. Rxc3 Bxa4 30. Rac1 Bc6 31. b4 Rd4 32. Re1 Rxe4 33. Rxc6 Rxe2
34. Rc8+ Bf8 35. Rxe2 Qd5+ 36. Kh2 Kf7 37. Rec2 Bd6 38. R8c7+ Bxc7 39. Rxc7+
Kf8 40. Rc8+ Ke7 41. Rc7+ Kd6 42. Rxg7 Qf3 43. Rf7 Qxg4 44. Rxf6+ Kd5 45. Rb6
Ke4 0-1

[Event "Krajský pøebor jednotlivcù KHŠS 2014"]
[Site "Janske Lazne"]
[Date "2014.05.09"]
[Round "6.23"]
[White "Mares, Ilja"]
[Black "Neubauer, Vilem"]
[Result "0-1"]
[WhiteElo "1786"]
[BlackElo "1840"]
[PlyCount "100"]
[EventDate "2014.05.06"]

1. c4 g6 2. Nc3 Bg7 3. g3 f5 4. Bg2 d6 5. d3 Nf6 6. Nf3 e5 7. Bd2 O-O 8. Qc1
Re8 9. h3 c6 10. Bh6 Bh8 11. Bg5 Nbd7 12. h4 Qa5 13. Bd2 Qb6 14. Nh2 Nc5 15. b4
Ne6 16. O-O Nh5 17. Bf3 f4 18. Bxh5 fxg3 19. Ng4 gxh5 20. Nh6+ Kg7 21. Nf5+ Kg6
22. Nxg3 Bf6 23. Be3 Qd8 24. f3 Kf7 25. Kh1 Rg8 26. Rg1 Ng7 27. Bg5 Ne6 28.
Nge4 Bxg5 29. Nxg5+ Nxg5 30. hxg5 Bf5 31. Qe3 Qb6 32. Qd2 Qf2 33. Rg2 Qh4+ 34.
Rh2 Qxg5 35. Qxg5 Rxg5 36. Rg1 Rxg1+ 37. Kxg1 Bg6 38. Kf2 Ke7 39. Ne4 d5 40.
Ng3 dxc4 41. dxc4 Rd8 42. Ne4 Rd4 43. Ke3 Rxc4 44. a3 Rc2 45. Nc5 b6 46. Nd3
Kd6 47. Rg2 Ra2 48. Rg5 Rxa3 49. Kd2 Bxd3 50. exd3 Rb3 0-1

[Event "Krajský pøebor jednotlivcù KHŠS 2014"]
[Site "Janske Lazne"]
[Date "2014.05.09"]
[Round "6.24"]
[White "Vystrcil, Martin"]
[Black "Laloucek, Miroslav"]
[Result "1/2-1/2"]
[WhiteElo "1794"]
[BlackElo "1812"]
[PlyCount "85"]
[EventDate "2014.05.06"]

1. e4 d5 2. exd5 Nf6 3. d4 Nxd5 4. c4 Nf6 5. Nc3 Bf5 6. Be3 Nbd7 7. Nge2 e6 8.
Ng3 Bg6 9. Bd3 Bb4 10. a3 Bxc3+ 11. bxc3 Bxd3 12. Qxd3 O-O 13. O-O Re8 14. f4
c6 15. Ne4 Nxe4 16. Qxe4 Qc7 17. c5 f5 18. Qf3 Nf6 19. Bd2 Ne4 20. Qe3 Qf7 21.
g4 Rad8 22. g5 Qh5 23. Be1 Rd7 24. Qf3 Qf7 25. Qe3 h6 26. h4 hxg5 27. hxg5 g6
28. Kg2 Ree7 29. Bg3 Qe8 30. Rh1 Rh7 31. Raf1 Rh5 32. Rxh5 gxh5 33. Rh1 Rh7 34.
Rh4 Kg7 35. Be1 Qd7 36. Qe2 Kg6 37. Rh2 Qd5 38. Kh3 Qb3 39. Qa2 Qd5 40. Kh4 Rh8
41. Rb2 Rb8 42. Qxd5 exd5 43. a4 1/2-1/2

[Event "Krajský pøebor jednotlivcù KHŠS 2014"]
[Site "Janske Lazne"]
[Date "2014.05.09"]
[Round "6.25"]
[White "Tsapanidis, Vasilis"]
[Black "Sadil, Jan"]
[Result "1-0"]
[WhiteElo "1779"]
[BlackElo "1723"]
[PlyCount "55"]
[EventDate "2014.05.06"]

1. c4 Nf6 2. Nc3 e6 3. e4 d5 4. e5 Nfd7 5. d4 dxc4 6. Bxc4 c5 7. Be3 cxd4 8.
Bxd4 Qg5 9. Nf3 Qxg2 10. Rg1 Qh3 11. Nb5 Bb4+ 12. Bc3 Bxc3+ 13. bxc3 O-O 14.
Nc7 Nxe5 15. Rg3 Qf5 16. Be2 Nbc6 17. Nxa8 Rd8 18. Qb1 Nd3+ 19. Bxd3 Rxd3 20.
Ng1 Rxg3 21. hxg3 Qe5+ 22. Ne2 Qb8 23. Nb6 axb6 24. Qxb6 Qd6 25. Rd1 Qe7 26.
Nd4 Nb8 27. Nb5 Nd7 28. Qc7 1-0

[Event "Krajský pøebor jednotlivcù KHŠS 2014"]
[Site "Janske Lazne"]
[Date "2014.05.10"]
[Round "7.1"]
[White "Vojta, Tomas"]
[Black "Kozusek, Daniel"]
[Result "1-0"]
[WhiteElo "2361"]
[BlackElo "2084"]
[PlyCount "57"]
[EventDate "2014.05.06"]

1. d4 Nf6 2. Nf3 d5 3. Bf4 g6 4. h3 Bg7 5. e3 O-O 6. Nbd2 c5 7. c3 cxd4 8. exd4
Qb6 9. Qb3 Qe6+ 10. Be2 b6 11. Be3 Ba6 12. Bxa6 Nxa6 13. O-O Nb8 14. Rae1 Nc6
15. Re2 Qf5 16. Rfe1 e6 17. Qb5 Rfc8 18. g4 Nxg4 19. hxg4 Qxg4+ 20. Kh1 Bf8 21.
Nh2 Qf5 22. Ndf3 Bd6 23. Rg1 f6 24. Qb3 Qh5 25. Qd1 Ne7 26. Qd2 e5 27. dxe5
fxe5 28. Rg5 Qh3 29. Nxe5 1-0

[Event "Krajský pøebor jednotlivcù KHŠS 2014"]
[Site "Janske Lazne"]
[Date "2014.05.10"]
[Round "7.2"]
[White "Jedlicka, Lubos"]
[Black "Juptner, Jan"]
[Result "1/2-1/2"]
[WhiteElo "2230"]
[BlackElo "2351"]
[PlyCount "46"]
[EventDate "2014.05.06"]

1. e4 c5 2. Nf3 d6 3. d4 cxd4 4. Nxd4 Nf6 5. Nc3 a6 6. Be3 e5 7. Nb3 Be7 8. Qd2
Be6 9. O-O-O Nbd7 10. f4 b5 11. f5 Bc4 12. g4 Nxg4 13. Rg1 Nxe3 14. Qxe3 Bxf1
15. Rdxf1 O-O 16. Rf3 Kh8 17. Rh3 Nf6 18. Rxg7 Rg8 19. Rxg8+ Qxg8 20. Rg3 Qf8
21. Nd2 Nh5 22. Rg4 Nf6 23. Rg3 Nh5 1/2-1/2

[Event "Krajský pøebor jednotlivcù KHŠS 2014"]
[Site "Janske Lazne"]
[Date "2014.05.10"]
[Round "7.3"]
[White "Karlik, Vladimir"]
[Black "Haman, Jakub"]
[Result "1-0"]
[WhiteElo "2271"]
[BlackElo "2151"]
[PlyCount "47"]
[EventDate "2014.05.06"]

1. d4 c5 2. c3 cxd4 3. cxd4 d5 4. Nc3 Nc6 5. Nf3 Nf6 6. Bf4 Bf5 7. Qb3 Na5 8.
Qa4+ Bd7 9. Qc2 e6 10. e3 Rc8 11. Bd3 Be7 12. O-O O-O 13. Ne5 b5 14. a3 Nc4 15.
Rfd1 Nd6 16. Qe2 a6 17. e4 dxe4 18. Nxe4 Bc6 19. Nxc6 Rxc6 20. Bxd6 Bxd6 21.
Nxf6+ Qxf6 22. Qe4 Qh6 23. Qxc6 Bxh2+ 24. Kf1 1-0

[Event "Krajský pøebor jednotlivcù KHŠS 2014"]
[Site "Janske Lazne"]
[Date "2014.05.10"]
[Round "7.4"]
[White "Valenta, Vit"]
[Black "Tazlar, Petr"]
[Result "0-1"]
[WhiteElo "2137"]
[BlackElo "2200"]
[PlyCount "128"]
[EventDate "2014.05.06"]

1. b4 a5 2. b5 c5 3. e4 e6 4. d4 d5 5. exd5 Qxd5 6. Nf3 cxd4 7. Qxd4 Nf6 8. Bb2
Nbd7 9. Nbd2 b6 10. Bc4 Qxd4 11. Nxd4 Bb7 12. O-O Rc8 13. Rfe1 Bc5 14. Bd3 O-O
15. N4b3 Bb4 16. a3 Bc3 17. Bxc3 Rxc3 18. Nc4 Bd5 19. Nbd2 Rb8 20. Ne3 Ba8 21.
Ndc4 Bd5 22. Nb2 Rc7 23. c4 Ba8 24. Na4 Nc5 25. Nxc5 Rxc5 26. Rad1 Kf8 27. f3
Rd8 28. Bf1 Rxd1 29. Rxd1 Ke7 30. Kf2 Rc7 31. Ke2 Nd7 32. Kd2 Nc5 33. Kc3 Rd7
34. Rxd7+ Kxd7 35. Kd4 Kd6 36. f4 f6 37. g3 Be4 38. Bh3 g6 39. Bf1 Bb1 40. Ng4
Ke7 41. Bg2 h5 42. Ne3 Kd6 43. Nd1 Bf5 44. Bc6 e5+ 45. fxe5+ fxe5+ 46. Kc3 Bd7
47. Bg2 Be6 48. Ne3 g5 49. Bf3 h4 50. gxh4 gxh4 51. Bd5 Bd7 52. Kd2 e4 53. Ng2
h3 54. Nf4 Ke5 55. Ke3 Bf5 56. Bg8 Nd3 57. Bf7 Ne1 58. Nd5 Nc2+ 59. Kd2 Nxa3
60. Nxb6 Kd4 61. Na4 e3+ 62. Ke1 Nc2+ 63. Kd1 Nb4 64. Bh5 Bc2+ 0-1

[Event "Krajský pøebor jednotlivcù KHŠS 2014"]
[Site "Janske Lazne"]
[Date "2014.05.10"]
[Round "7.5"]
[White "Moravec, Vit"]
[Black "Ptacek, Tomas"]
[Result "1/2-1/2"]
[WhiteElo "2177"]
[BlackElo "1996"]
[PlyCount "48"]
[EventDate "2014.05.06"]

1. e4 e6 2. Nf3 d5 3. e5 c5 4. b4 cxb4 5. a3 Nc6 6. axb4 Bxb4 7. c3 Be7 8. d4
Bd7 9. Bd3 f5 10. h4 Rc8 11. g4 fxg4 12. Ng5 Nh6 13. Nxh7 Qb6 14. O-O Kd8 15.
Ng5 Rf8 16. Na3 a6 17. Rb1 Qc7 18. Bg6 Nxe5 19. dxe5 Qxe5 20. Qd4 Qxd4 21. cxd4
Rxc1 22. Rfxc1 Bxa3 23. Rc3 Bd6 24. Rxb7 Rf6 1/2-1/2

[Event "Krajský pøebor jednotlivcù KHŠS 2014"]
[Site "Janske Lazne"]
[Date "2014.05.10"]
[Round "7.6"]
[White "Kaderabek, Jiri"]
[Black "Skrivanek, Jan"]
[Result "1-0"]
[WhiteElo "2123"]
[BlackElo "2168"]
[PlyCount "67"]
[EventDate "2014.05.06"]

1. e4 Nf6 2. e5 Nd5 3. Nc3 Nxc3 4. bxc3 c5 5. Nf3 d5 6. Rb1 Nc6 7. Bb5 Bg4 8.
h3 Bxf3 9. Qxf3 e6 10. c4 Qc7 11. cxd5 exd5 12. Qxd5 Rd8 13. Qf3 Be7 14. O-O
O-O 15. Bxc6 bxc6 16. d3 Rd4 17. Re1 Ra4 18. a3 c4 19. Qg4 Re8 20. Bh6 g6 21.
e6 f6 22. Qd4 Rd8 23. Qe4 f5 24. Qf3 cxd3 25. cxd3 Rad4 26. Rb3 Qa5 27. Rc1 Qe5
28. Rxc6 Qe1+ 29. Kh2 Bd6+ 30. g3 Qxe6 31. Rb7 Qa2 32. Kg2 Be5 33. Rc5 Rxd3 34.
Qxd3 1-0

[Event "Krajský pøebor jednotlivcù KHŠS 2014"]
[Site "Janske Lazne"]
[Date "2014.05.10"]
[Round "7.7"]
[White "Pycha, Patrik"]
[Black "Sedivy, Martin"]
[Result "1/2-1/2"]
[WhiteElo "2013"]
[BlackElo "1963"]
[PlyCount "115"]
[EventDate "2014.05.06"]

1. e4 e6 2. d4 d5 3. Nc3 dxe4 4. Nxe4 Nf6 5. Bg5 Be7 6. Nxf6+ Bxf6 7. Bxf6 Qxf6
8. Bd3 Bd7 9. Nf3 Bc6 10. Ne5 O-O 11. c3 Rd8 12. Qc2 h6 13. O-O-O Nd7 14. Nxc6
bxc6 15. Be4 Qg5+ 16. Qd2 Qb5 17. Bb1 Nf6 18. g4 c5 19. g5 hxg5 20. Qxg5 Rd5
21. Qh4 cxd4 22. Rxd4 Rad8 23. Rhd1 Qe2 24. Rxd5 Rxd5 25. Rxd5 exd5 26. Bf5 Qe5
27. Bd3 g5 28. Qg3 Qxg3 29. fxg3 Ng4 30. h3 Nf2 31. Bf1 Ne4 32. g4 f5 33. gxf5
Nd6 34. Bg2 c6 35. Kd2 Kf7 36. Kd3 Nxf5 37. c4 Ke6 38. Bf3 Kd6 39. Bg4 Nh6 40.
Bc8 Kc7 41. Be6 Kd6 42. cxd5 cxd5 43. Bc8 Nf7 44. Kd4 Ne5 45. Bb7 Nf3+ 46. Ke3
Nh4 47. b4 Ke5 48. a4 Ng2+ 49. Kf3 Nf4 50. a5 Nxh3 51. b5 Kd6 52. a6 Kc5 53.
Bxd5 Kxb5 54. Bb7 Nf4 55. Kg4 Ne6 56. Bc8 Nc5 57. Kxg5 Nxa6 58. Bxa6+ 1/2-1/2

[Event "Krajský pøebor jednotlivcù KHŠS 2014"]
[Site "Janske Lazne"]
[Date "2014.05.10"]
[Round "7.8"]
[White "Matejovsky, Ondrej"]
[Black "Cap, Adam"]
[Result "1/2-1/2"]
[WhiteElo "1988"]
[BlackElo "2134"]
[PlyCount "96"]
[EventDate "2014.05.06"]

1. e4 e5 2. Nf3 Nc6 3. Nc3 Nf6 4. Bb5 Bb4 5. O-O O-O 6. d3 d6 7. Bg5 Bxc3 8.
bxc3 h6 9. Bh4 Nb8 10. Rb1 c6 11. Bc4 Nbd7 12. Re1 Qc7 13. Bb3 a5 14. a3 d5 15.
Bxf6 Nxf6 16. exd5 cxd5 17. Rxe5 Qxc3 18. Qd2 Qc5 19. a4 Bg4 20. Qe3 Qxe3 21.
fxe3 Be6 22. Nd4 Rfe8 23. h3 g6 24. Nb5 Rec8 25. e4 Nd7 26. exd5 Nxe5 27. dxe6
Kg7 28. d4 Nc4 29. exf7 Nd2 30. Re1 Nxb3 31. cxb3 Ra6 32. Re7 Rf6 33. Rxb7 Rc1+
34. Kh2 Rxf7 35. Rb6 Rb1 36. Nc3 Rb2 37. d5 Rff2 38. Rb7+ Kf8 39. Kg3 Rxg2+ 40.
Kf4 Rbc2 41. Ne4 Rce2 42. d6 Rg1 43. Rb8+ Kf7 44. d7 Rf1+ 45. Ke5 Rfe1 46. Rf8+
Kg7 47. Rg8+ Kf7 48. Rf8+ Kg7 1/2-1/2

[Event "Krajský pøebor jednotlivcù KHŠS 2014"]
[Site "Janske Lazne"]
[Date "2014.05.10"]
[Round "7.9"]
[White "Stradej, Vlastimil"]
[Black "Vavrinec, Tomas"]
[Result "0-1"]
[WhiteElo "1993"]
[BlackElo "2025"]
[PlyCount "90"]
[EventDate "2014.05.06"]

1. e4 e6 2. d4 d5 3. e5 c5 4. c3 Qb6 5. Nf3 Nc6 6. Bd3 cxd4 7. cxd4 Bd7 8. O-O
Nxd4 9. Nxd4 Qxd4 10. Nc3 a6 11. Qe2 Ne7 12. Kh1 Nc6 13. f4 Nb4 14. Rd1 Bc5 15.
Bxa6 Qf2 16. Qxf2 Bxf2 17. Be2 Nc2 18. Rb1 O-O 19. a3 Nd4 20. Bd3 Nb3 21. Rf1
Bb6 22. Bc2 Nxc1 23. Rbxc1 Rfc8 24. Bd3 Bd4 25. Nb5 Bxb2 26. Rxc8+ Rxc8 27. a4
g5 28. g3 gxf4 29. gxf4 Rc1 30. Kg2 Bc6 31. Rxc1 Bxc1 32. Kf3 Kg7 33. Bc2 Bb2
34. Bd3 h6 35. Bc2 f6 36. exf6+ Kxf6 37. Bd3 e5 38. fxe5+ Bxe5 39. h3 Kg5 40.
Bf1 Kh4 41. Ke3 Bd7 42. Bg2 Bc6 43. Nd4 Bxa4 44. Bxd5 Bxd4+ 45. Kxd4 Bc6 0-1

[Event "Krajský pøebor jednotlivcù KHŠS 2014"]
[Site "Janske Lazne"]
[Date "2014.05.10"]
[Round "7.10"]
[White "Rojikova, Lenka"]
[Black "Pavlicek, Miroslav"]
[Result "1/2-1/2"]
[WhiteElo "1935"]
[BlackElo "2022"]
[PlyCount "71"]
[EventDate "2014.05.06"]

1. e4 c6 2. d4 d5 3. f3 Qb6 4. Nc3 dxe4 5. fxe4 e5 6. Nf3 exd4 7. Qxd4 Qxd4 8.
Nxd4 Bd6 9. Be3 Nf6 10. Nf5 Bxf5 11. exf5 Be5 12. O-O-O Nbd7 13. Bc4 O-O 14.
Bd4 Rfd8 15. Bb3 Bxd4 16. Rxd4 Nb6 17. Rdd1 Ng4 18. Rxd8+ Rxd8 19. h3 Ne3 20.
g4 h5 21. Re1 Nbc4 22. Bxc4 Nxc4 23. Re7 hxg4 24. hxg4 Nd6 25. Na4 Kf8 26. Rc7
Ke8 27. Nc5 Rc8 28. Rxc8+ Nxc8 29. Nxb7 Kd7 30. Kd2 Nb6 31. b3 Nd5 32. Nc5+ Kd6
33. Nd3 Nf6 34. Nf2 Ke5 35. Ke3 Nd5+ 36. Kf3 1/2-1/2

[Event "Krajský pøebor jednotlivcù KHŠS 2014"]
[Site "Janske Lazne"]
[Date "2014.05.10"]
[Round "7.11"]
[White "Safarik, Jakub"]
[Black "Pychova, Nela"]
[Result "0-1"]
[WhiteElo "2112"]
[BlackElo "2034"]
[PlyCount "58"]
[EventDate "2014.05.06"]

1. d4 d5 2. c4 e6 3. Nf3 Nf6 4. g3 Be7 5. Bg2 O-O 6. O-O dxc4 7. Nbd2 b5 8. a4
c6 9. axb5 cxb5 10. Ne5 Nd5 11. Ne4 Bb7 12. Bf4 f6 13. e3 fxe5 14. dxe5 Kh8 15.
Qg4 Nxf4 16. gxf4 Qb6 17. Rad1 Bd5 18. Kh1 Qc6 19. f3 b4 20. Rg1 g6 21. Bf1 Nd7
22. Rg3 Rf7 23. Nf2 Nxe5 24. Qh3 Bxf3+ 25. Bg2 Bxg2+ 26. Rxg2 Rd8 27. Rf1 Rd2
28. Kg1 Nf3+ 29. Kh1 Nh4 0-1

[Event "Krajský pøebor jednotlivcù KHŠS 2014"]
[Site "Janske Lazne"]
[Date "2014.05.10"]
[Round "7.12"]
[White "Kucera, Tomas"]
[Black "Havelka, Petr"]
[Result "1/2-1/2"]
[WhiteElo "2024"]
[BlackElo "1871"]
[PlyCount "81"]
[EventDate "2014.05.06"]

1. e4 d5 2. exd5 Qxd5 3. Nc3 Qa5 4. Bc4 Nf6 5. d3 c6 6. Bd2 Qc7 7. Qe2 Bf5 8.
h3 h6 9. O-O-O Nbd7 10. Nf3 e6 11. Nd4 Qe5 12. Nxf5 Qxf5 13. f4 O-O-O 14. g4
Qc5 15. Rhf1 Nd5 16. Rde1 N7b6 17. Bb3 Nxc3 18. Bxc3 Nd5 19. Bd2 Bd6 20. Qe4
Bc7 21. Qa4 Kb8 22. Bxd5 Qxd5 23. Bc3 Rhg8 24. f5 e5 25. Re4 f6 26. Bd2 Rge8
27. Be3 Qa5 28. Qb3 Qd5 29. Qa3 Bb6 30. Bxb6 axb6 31. Kb1 Qc5 32. Qb3 Kc7 33.
a3 Rd4 34. Rfe1 Red8 35. R4e3 Qd5 36. Qxd5 R4xd5 37. Rg1 Rd4 38. Rg2 Rf4 39. c3
c5 40. Kc2 Rd7 41. Rd2 1/2-1/2